00477 2200181 4500001002100000008004100021035002000062245006500082100002600147250000600173260003400179300001200213020002200225084001400247082000800261650001400269990001200283INLIS000000000001173 ind  a0010-0524000408 aLangkah Menuju Olimpiade BiologicFemi Aprilia Zaelani, S.Si aAprilia Zaelani, Femi a1 aTangerang :bPT. Kandelc2019 a175 hlm a978-602-6878-62-5 a574 FEM l a574 aNon Fiksi a0744935